00454nam a2200133 a 450000100100000000500170001000800410002704000250006824500410009326000430013430000210017795201050019899900170030300003836320201002031234.0130409s1957 dr 000 0 spa d aDO-SdBNPbspacBNPHU00aEncuesta acerca del general Santana. aCiudad Trujillo :b[El Caribe],c1957. a189 p. ;c27 cm. 001050718RVaPDbPDcCTd2013-04-09iLF1l0o p38363-10r2020-06-25w2020-06-25y1ZNo se presta c37853d37853